[Event "3. Open sub-2200 Rutas de Cuenca 2016"]
[Site "Cuenca ESP"]
[Date "2016.06.17"]
[Round "1.1"]
[White "Belinchon Calleja, David"]
[Black "Jordan Martinez, David"]
[Result "0-1"]
[WhiteElo "1957"]
[BlackElo "2195"]
[PlyCount "87"]
[EventDate "2016.06.17"]
[EventType "swiss"]
[EventRounds "7"]
[EventCountry "ESP"]
[SourceTitle "Ajedrez en Madrid"]
[Source "lmi"]
[SourceDate "2016.06.17"]

1. e4 e6 2. d4 d5 3. Bd3 dxe4 4. Bxe4 Nf6 5. Bf3 c5 6. Ne2 Nc6 7. Be3 e5 8.
Bxc6+ bxc6 9. dxe5 Qxd1+ 10. Kxd1 Ng4 11. Nd2 Nxe5 12. Re1 Be7 13. Ng3 O-O 14.
h3 Rd8 15. Kc1 Be6 16. Nge4 Nd7 17. a4 h6 18. a5 f5 19. Nc3 Kf7 20. Ra4 Rab8
21. g4 Rb4 22. gxf5 Bxf5 23. Nb3 Bxh3 24. Nxc5 Nxc5 25. Rxb4 Nd3+ 26. cxd3 Bxb4
27. Bxa7 Bxa5 28. Re3 Bf5 29. Kc2 Bc7 30. Bc5 Re8 31. Ne4 Re6 32. Ng3 Rxe3 33.
Bxe3 Be6 34. Kd2 Bg4 35. Bd4 h5 36. Ne4 h4 37. f3 Bf5 38. Ke2 h3 39. Kf2 Bf4
40. Bc5 Ke6 41. Bd4 g6 42. Bc3 Kd5 43. Nf6+ Ke6 44. Ne4 0-1

[Event "3. Open sub-2200 Rutas de Cuenca 2016"]
[Site "Cuenca ESP"]
[Date "2016.06.17"]
[Round "1.2"]
[White "Villar Reymundo, Juan Antonio"]
[Black "Picazo Picazo, Pedro Jesus"]
[Result "1-0"]
[WhiteElo "2175"]
[BlackElo "1957"]
[PlyCount "45"]
[EventDate "2016.06.17"]
[EventType "swiss"]
[EventRounds "7"]
[EventCountry "ESP"]
[SourceTitle "Ajedrez en Madrid"]
[Source "lmi"]
[SourceDate "2016.06.17"]

1. c4 d6 2. g3 g6 3. Bg2 Bg7 4. Nc3 c5 5. e3 Nc6 6. Nge2 Nf6 7. O-O O-O 8. d4
Rb8 9. b3 Bg4 10. h3 Bd7 11. Bb2 Qc8 12. Kh2 a6 13. Qd2 b5 14. cxb5 axb5 15.
dxc5 dxc5 16. Nd5 Nxd5 17. Bxg7 Rd8 18. Qxd5 Nb4 19. Qe5 Nd3 20. Qc3 Bf5 21.
Bh6 f6 22. e4 Be6 23. Be3 1-0

[Event "3. Open sub-2200 Rutas de Cuenca 2016"]
[Site "Cuenca ESP"]
[Date "2016.06.17"]
[Round "1.3"]
[White "Nadal Fajardo, Ricard"]
[Black "Aymerich Rosell, Pablo"]
[Result "0-1"]
[WhiteElo "1941"]
[BlackElo "2173"]
[PlyCount "70"]
[EventDate "2016.06.17"]
[EventType "swiss"]
[EventRounds "7"]
[EventCountry "ESP"]
[SourceTitle "Ajedrez en Madrid"]
[Source "lmi"]
[SourceDate "2016.06.17"]

1. e4 e5 2. Nf3 Nc6 3. Bc4 Bc5 4. O-O Nf6 5. d3 d6 6. h3 h6 7. a3 Be6 8. b4 Bb6
9. Re1 Qd7 10. Be3 Bxc4 11. dxc4 Bxe3 12. Rxe3 Qe6 13. Qf1 Ne7 14. Nc3 c6 15.
Rd1 Rd8 16. Nd2 O-O 17. f4 exf4 18. Qxf4 Ng6 19. Qf3 Nd7 20. Rf1 Nge5 21. Qf5
Nb6 22. Ne2 Nbxc4 23. Nxc4 Qxc4 24. Kh2 Qxc2 25. Nf4 Qc4 26. Rf2 Ng6 27. Rg3
Qd4 28. Nxg6 fxg6 29. Qe6+ Kh8 30. Rxf8+ Rxf8 31. Rxg6 d5 32. e5 Qf4+ 33. Kh1
Rf7 34. Qe8+ Kh7 35. e6 Rf8 0-1

[Event "3. Open sub-2200 Rutas de Cuenca 2016"]
[Site "Cuenca ESP"]
[Date "2016.06.17"]
[Round "1.4"]
[White "Gimeno Martos, Roberto"]
[Black "Vazquez Gonzalez, Jesus"]
[Result "0-1"]
[WhiteElo "2163"]
[BlackElo "1901"]
[PlyCount "82"]
[EventDate "2016.06.17"]
[EventType "swiss"]
[EventRounds "7"]
[EventCountry "ESP"]
[SourceTitle "Ajedrez en Madrid"]
[Source "lmi"]
[SourceDate "2016.06.17"]

1. Nf3 g6 2. g3 Bg7 3. Bg2 c5 4. e4 e5 5. O-O d6 6. c3 Nc6 7. Na3 Nge7 8. Nc2
f5 9. exf5 Nxf5 10. d4 O-O 11. dxc5 dxc5 12. Qe2 Nd6 13. Be3 b6 14. Ng5 Qe8 15.
Rad1 Rf6 16. b4 cxb4 17. cxb4 Rb8 18. Rd2 h6 19. Ne4 Nxe4 20. Bxe4 Bh3 21. Rfd1
Kh7 22. Rd6 Nd4 23. R6xd4 exd4 24. Bxd4 Re6 25. f3 Bf5 26. Bxg7 Bxe4 27. Bb2
Bxc2 28. Qxc2 Re1+ 29. Rxe1 Qxe1+ 30. Kg2 Re8 31. Qb3 Re6 32. Kh3 h5 33. Qc2
Qxb4 34. Bc1 Qf8 35. Qd2 Rd6 36. Qe3 Qf5+ 37. Kg2 Re6 38. Qh6+ Kg8 39. Be3 Rc6
40. Bf2 Rc2 41. Qe3 Rxa2 0-1

[Event "3. Open sub-2200 Rutas de Cuenca 2016"]
[Site "Cuenca ESP"]
[Date "2016.06.17"]
[Round "1.5"]
[White "Lucas Garcia, Pedro"]
[Black "Castilla Leon Salas, Carlos"]
[Result "0-1"]
[WhiteElo "1890"]
[BlackElo "2162"]
[PlyCount "96"]
[EventDate "2016.06.17"]
[EventType "swiss"]
[EventRounds "7"]
[EventCountry "ESP"]
[SourceTitle "Ajedrez en Madrid"]
[Source "lmi"]
[SourceDate "2016.06.17"]

1. e4 c5 2. Nf3 g6 3. Bc4 Nc6 4. O-O Bg7 5. c3 e6 6. d4 cxd4 7. cxd4 d5 8. exd5
exd5 9. Bb3 Nge7 10. Nc3 h6 11. Re1 O-O 12. h3 Be6 13. Bf4 a6 14. Rc1 Nf5 15.
Be5 Rc8 16. Bxg7 Kxg7 17. Ne2 g5 18. g4 Nfe7 19. Ng3 Ng6 20. Nh5+ Kh8 21. Qd2
Na5 22. Rxc8 Bxc8 23. Bc2 Nc4 24. Qe2 Qd6 25. b3 Na3 26. Bd1 Nb5 27. Qd2 Kh7
28. Bc2 Nc7 29. Ne5 Bd7 30. Re3 Be8 31. Rf3 Kg8 32. Rf6 Qe7 33. Qd3 Kh7 34. Qf3
Ne6 35. Nxg6 fxg6 36. Rxf8 Nxf8 37. Nf6+ Kg7 38. Nxd5 Qd6 39. Qe4 Ne6 40. Ne3
Bf7 41. d5 Nf4 42. Qd4+ Kg8 43. Bd3 Nxh3+ 44. Kf1 Qh2 45. Nc4 Nf4 46. Be4 Qh3+
47. Ke1 Qxg4 48. d6 Qe2# 0-1

[Event "3. Open sub-2200 Rutas de Cuenca 2016"]
[Site "Cuenca ESP"]
[Date "2016.06.17"]
[Round "1.6"]
[White "Gallart Zafra, Jaume"]
[Black "Santos Fernandez, Ismael"]
[Result "1-0"]
[WhiteElo "2160"]
[BlackElo "1890"]
[PlyCount "51"]
[EventDate "2016.06.17"]
[EventType "swiss"]
[EventRounds "7"]
[EventCountry "ESP"]
[SourceTitle "Ajedrez en Madrid"]
[Source "lmi"]
[SourceDate "2016.06.17"]

1. e4 g6 2. d4 Bg7 3. Nc3 d6 4. Be3 a6 5. Be2 b5 6. a3 Bb7 7. h4 h6 8. Qd3 Nd7
9. Nh3 e6 10. h5 g5 11. O-O-O c5 12. g3 Qc7 13. f4 c4 14. Qd2 f6 15. Rhf1 O-O-O
16. Bg4 Re8 17. d5 e5 18. fxe5 dxe5 19. d6 Qa5 20. Qf2 f5 21. Bxf5 Rf8 22. Nd5
Bxd5 23. Rxd5 Kd8 24. Rc5 Ngf6 25. Bd2 Qb6 26. Rc8+ 1-0

[Event "3. Open sub-2200 Rutas de Cuenca 2016"]
[Site "Cuenca ESP"]
[Date "2016.06.17"]
[Round "1.8"]
[White "Fernandez Cano, Victor"]
[Black "Amoros Moran, Jose Joaquin"]
[Result "1-0"]
[WhiteElo "2156"]
[BlackElo "1863"]
[PlyCount "82"]
[EventDate "2016.06.17"]
[EventType "swiss"]
[EventRounds "7"]
[EventCountry "ESP"]
[SourceTitle "Ajedrez en Madrid"]
[Source "lmi"]
[SourceDate "2016.06.17"]

1. Nf3 Nf6 2. g3 b6 3. Bg2 Bb7 4. d3 e6 5. O-O d5 6. Nbd2 Be7 7. Re1 O-O 8. c3
c5 9. Qc2 Nc6 10. e4 Rc8 11. a4 Qc7 12. Nf1 d4 13. Bf4 e5 14. Nxe5 Nxe5 15.
cxd4 Bd6 16. dxe5 Bxe5 17. Bd2 Ng4 18. h3 Nf6 19. Ne3 Rfd8 20. Nc4 Bd4 21. Bf4
Qd7 22. Nd6 Nh5 23. Nxc8 Nxf4 24. Nxb6 Nxh3+ 25. Kh2 axb6 26. Bxh3 Qd6 27. Rad1
h5 28. Kg2 h4 29. Qe2 hxg3 30. fxg3 Re8 31. Rf1 g6 32. Qf3 f5 33. Kh2 Qc7 34.
Qf4 Be5 35. Qg5 Qd6 36. Bxf5 Kg7 37. Kg2 Qf6 38. Qxf6+ Bxf6 39. Bd7 Rd8 40. Bb5
Bxb2 41. Bc4 Be5 1-0

[Event "3. Open sub-2200 Rutas de Cuenca 2016"]
[Site "Cuenca ESP"]
[Date "2016.06.17"]
[Round "1.9"]
[White "Pastor Villalba, Arturo"]
[Black "Lozano Suarez, Luis Miguel"]
[Result "0-1"]
[WhiteElo "1862"]
[BlackElo "2116"]
[PlyCount "94"]
[EventDate "2016.06.17"]
[EventType "swiss"]
[EventRounds "7"]
[EventCountry "ESP"]
[SourceTitle "Ajedrez en Madrid"]
[Source "lmi"]
[SourceDate "2016.06.17"]

1. d4 Nf6 2. c4 c5 3. d5 e6 4. Nc3 exd5 5. cxd5 d6 6. e4 g6 7. Nf3 a6 8. a4 Bg4
9. Qb3 Bxf3 10. gxf3 b6 11. Bg5 Bg7 12. Bg2 h6 13. Be3 O-O 14. h3 Re8 15. O-O
Nbd7 16. f4 Nh5 17. Qd1 Rc8 18. e5 dxe5 19. f5 Nhf6 20. fxg6 fxg6 21. Ne4 Nxe4
22. Bxe4 Qf6 23. Qg4 Nf8 24. h4 a5 25. Kh1 Rcd8 26. Rg1 Rd6 27. h5 g5 28. Rg3
Kh8 29. Rd1 Red8 30. Rf3 Qe7 31. Rg1 Bf6 32. Qf5 Qd7 33. Rgg3 Qxf5 34. Rxf5 Nd7
35. b3 Rf8 36. Rgf3 Kg7 37. Bc1 Kg8 38. Bb2 Bg7 39. Rxf8+ Nxf8 40. Rf5 Rf6 41.
Kg2 Rxf5 42. Bxf5 Kf7 43. Kf3 e4+ 44. Kxe4 Bxb2 45. d6 Ne6 46. Kd5 Nd4 47. Bg4
Bc3 0-1

[Event "3. Open sub-2200 Rutas de Cuenca 2016"]
[Site "Cuenca ESP"]
[Date "2016.06.17"]
[Round "1.10"]
[White "Insa Alfonso, Pablo"]
[Black "Moronta Furio, Diego"]
[Result "1-0"]
[WhiteElo "2116"]
[BlackElo "1856"]
[PlyCount "41"]
[EventDate "2016.06.17"]
[EventType "swiss"]
[EventRounds "7"]
[EventCountry "ESP"]
[SourceTitle "Ajedrez en Madrid"]
[Source "lmi"]
[SourceDate "2016.06.17"]

1. e4 c5 2. Nf3 Nc6 3. d4 cxd4 4. Nxd4 g6 5. Nc3 Bg7 6. Be3 Nf6 7. Bc4 O-O 8.
Bb3 d6 9. f3 Bd7 10. Qd2 Nxd4 11. Bxd4 b5 12. a3 a5 13. O-O Qc7 14. Kh1 h5 15.
Bxf6 exf6 16. Rfd1 Ra6 17. Qd3 Qc5 18. a4 f5 19. axb5 fxe4 20. Nxe4 Qxb5 21.
Bc4 1-0

[Event "3. Open sub-2200 Rutas de Cuenca 2016"]
[Site "Cuenca ESP"]
[Date "2016.06.17"]
[Round "1.12"]
[White "Martin Rodriguez, Emilio"]
[Black "Hernandez Recio, Roberto"]
[Result "1/2-1/2"]
[WhiteElo "2100"]
[BlackElo "1834"]
[PlyCount "23"]
[EventDate "2016.06.17"]
[EventType "swiss"]
[EventRounds "7"]
[EventCountry "ESP"]
[SourceTitle "Ajedrez en Madrid"]
[Source "lmi"]
[SourceDate "2016.06.17"]

1. d4 g6 2. c4 Bg7 3. Nc3 c5 4. d5 Bxc3+ 5. bxc3 Qa5 6. Qc2 f5 7. f3 Nf6 8. Bh6
d6 9. Nh3 Nbd7 10. e3 b5 11. cxb5 Nxd5 12. Qd2 1/2-1/2

[Event "3. Open sub-2200 Rutas de Cuenca 2016"]
[Site "Cuenca ESP"]
[Date "2016.06.17"]
[Round "1.13"]
[White "Perez Gonzalez, Daniel"]
[Black "Alvarez Serrano, Carlos"]
[Result "0-1"]
[WhiteElo "1831"]
[BlackElo "2097"]
[PlyCount "58"]
[EventDate "2016.06.17"]
[EventType "swiss"]
[EventRounds "7"]
[EventCountry "ESP"]
[SourceTitle "Ajedrez en Madrid"]
[Source "lmi"]
[SourceDate "2016.06.17"]

1. e4 c5 2. Nf3 d6 3. d4 cxd4 4. Nxd4 Nf6 5. Nc3 a6 6. f3 e5 7. Nb3 Be6 8. Be3
Nbd7 9. Qd2 Rc8 10. O-O-O b5 11. g4 Nb6 12. Qf2 Nfd7 13. Kb1 Rxc3 14. Bxb6 Nxb6
15. bxc3 Na4 16. Rd3 Qc7 17. Qd2 Be7 18. f4 exf4 19. Nd4 Bf6 20. Nxe6 fxe6 21.
Rxd6 Nxc3+ 22. Kc1 O-O 23. Rxa6 Nxe4 24. Qb4 Qe5 25. c4 Rd8 26. cxb5 Qa1+ 27.
Qb1 Bb2+ 28. Kc2 Rd2+ 29. Kb3 Qxb1 0-1

[Event "3. Open sub-2200 Rutas de Cuenca 2016"]
[Site "Cuenca ESP"]
[Date "2016.06.17"]
[Round "1.15"]
[White "Fernandez Calzada, Juan A"]
[Black "Ruiz Ledo, Antonio"]
[Result "0-1"]
[WhiteElo "1783"]
[BlackElo "2073"]
[PlyCount "70"]
[EventDate "2016.06.17"]
[EventType "swiss"]
[EventRounds "7"]
[EventCountry "ESP"]
[SourceTitle "Ajedrez en Madrid"]
[Source "lmi"]
[SourceDate "2016.06.17"]

1. e4 c5 2. Nc3 g6 3. f4 Bg7 4. Nf3 Nc6 5. Bb5 Nd4 6. Bc4 e6 7. a4 Ne7 8. O-O
d5 9. exd5 exd5 10. Bb5+ Nxb5 11. axb5 d4 12. Ne4 b6 13. c4 dxc3 14. dxc3 O-O
15. Ne5 Be6 16. Qd6 Qxd6 17. Nxd6 Rfd8 18. Ndc4 f6 19. Re1 fxe5 20. Nxe5 Bxe5
21. Rxe5 Rd1+ 22. Kf2 Kf7 23. h3 Bc4 24. g4 Bxb5 25. f5 Nc6 26. Re6 Re8 27. c4
Rxe6 28. fxe6+ Kxe6 29. cxb5 Nd4 30. Rxa7 Rxc1 31. Rxh7 Rc2+ 32. Ke3 Rxb2 33.
h4 Rxb5 34. Rh6 Kf7 35. Kf4 Kg7 0-1

[Event "3. Open sub-2200 Rutas de Cuenca 2016"]
[Site "Cuenca ESP"]
[Date "2016.06.17"]
[Round "2.1"]
[White "Jordan Martinez, David"]
[Black "Ruiz Ledo, Antonio"]
[Result "1-0"]
[WhiteElo "2195"]
[BlackElo "2073"]
[PlyCount "69"]
[EventDate "2016.06.17"]
[EventType "swiss"]
[EventRounds "7"]
[EventCountry "ESP"]
[SourceTitle "Ajedrez en Madrid"]
[Source "lmi"]
[SourceDate "2016.06.17"]

1. e4 b6 2. d4 Bb7 3. Bd3 Nf6 4. Nd2 e6 5. Ngf3 d5 6. e5 Ne4 7. Qe2 Nxd2 8.
Bxd2 c5 9. c3 Be7 10. O-O a5 11. Rfd1 Nc6 12. a3 c4 13. Bc2 a4 14. Ne1 Kd7 15.
Qg4 Qf8 16. h4 b5 17. Nf3 Kc7 18. Re1 Bc8 19. Qf4 h6 20. Nh2 g5 21. Qf3 gxh4
22. Ng4 Nb8 23. Nf6 Nd7 24. Qg4 Kc6 25. Qxh4 Qd8 26. Qh5 Nxf6 27. exf6 Bxf6 28.
Qxf7 Qe7 29. Qh5 Bd7 30. Re2 Rag8 31. Rae1 Qg7 32. Rxe6+ Kc7 33. Bf4+ Kc8 34.
Qxd5 Bxe6 35. Rxe6 1-0

[Event "3. Open sub-2200 Rutas de Cuenca 2016"]
[Site "Cuenca ESP"]
[Date "2016.06.17"]
[Round "2.2"]
[White "Lopez De Turiso, Jose Angel"]
[Black "Villar Reymundo, Juan Antonio"]
[Result "1/2-1/2"]
[WhiteElo "2040"]
[BlackElo "2175"]
[PlyCount "87"]
[EventDate "2016.06.17"]
[EventType "swiss"]
[EventRounds "7"]
[EventCountry "ESP"]
[SourceTitle "Ajedrez en Madrid"]
[Source "lmi"]
[SourceDate "2016.06.17"]

1. c4 Nf6 2. Nc3 d5 3. cxd5 Nxd5 4. g3 g6 5. Bg2 Nb6 6. d3 Bg7 7. Be3 Nc6 8.
Nf3 Nd5 9. Nxd5 Qxd5 10. Qd2 Qa5 11. Qxa5 Nxa5 12. Bd4 f6 13. O-O O-O 14. Bc3
Nc6 15. Nd4 Nxd4 16. Bxd4 c6 17. Rfc1 Be6 18. b4 Rfd8 19. Bb2 a6 20. a4 Bd5 21.
Rc5 Bxg2 22. Kxg2 e5 23. Rac1 Bf8 24. R5c4 Rd5 25. Bc3 Kf7 26. Bd2 Rad8 27. Be3
R8d7 28. Bb6 Be7 29. Kf3 f5 30. R1c2 Bd8 31. Bxd8 Rxd8 32. Ke3 R8d7 33. Rc1 Ke6
34. h4 h6 35. Kf3 Rd4 36. Ke3 R7d5 37. Rxd4 Rxd4 38. Rb1 g5 39. hxg5 hxg5 40.
f3 f4+ 41. gxf4 Rxf4 42. Kd2 g4 43. fxg4 Rxg4 44. e4 1/2-1/2

[Event "3. Open sub-2200 Rutas de Cuenca 2016"]
[Site "Cuenca ESP"]
[Date "2016.06.17"]
[Round "2.3"]
[White "Aymerich Rosell, Pablo"]
[Black "Sanchez Carrasco, Fco. Javier"]
[Result "1/2-1/2"]
[WhiteElo "2173"]
[BlackElo "2028"]
[PlyCount "104"]
[EventDate "2016.06.17"]
[EventType "swiss"]
[EventRounds "7"]
[EventCountry "ESP"]
[SourceTitle "Ajedrez en Madrid"]
[Source "lmi"]
[SourceDate "2016.06.17"]

1. d4 d6 2. c4 g6 3. e4 Bg7 4. Nc3 e5 5. d5 a5 6. Be2 Nd7 7. Nf3 Ngf6 8. O-O
Nc5 9. Qc2 O-O 10. Bg5 h6 11. Bh4 g5 12. Bg3 Nh5 13. Nd2 Nf4 14. Nb3 Nxe2+ 15.
Qxe2 Nxe4 16. Nxe4 f5 17. f3 fxe4 18. fxe4 b6 19. Nd2 Bd7 20. Rxf8+ Qxf8 21.
Nf1 Qf7 22. Ne3 Qg6 23. Qd3 Rf8 24. Rf1 Rxf1+ 25. Kxf1 Bf6 26. a3 h5 27. b4
axb4 28. axb4 h4 29. Bf2 g4 30. Nf5 Bxf5 31. exf5 Qh5 32. c5 bxc5 33. bxc5 g3
34. hxg3 h3 35. gxh3 Qxh3+ 36. Kg1 Qg4 37. cxd6 cxd6 38. Qc2 Kf7 39. Kg2 e4 40.
Qc7+ Be7 41. Qd7 Qf3+ 42. Kg1 Qd1+ 43. Kh2 Qxd5 44. Be3 Qd3 45. Qe6+ Ke8 46.
Bg5 Qe2+ 47. Kh3 Qf1+ 48. Kh4 Qh1+ 49. Kg4 Qf3+ 50. Kh4 Qh1+ 51. Kg4 Qf3+ 52.
Kh3 Qh1+ 1/2-1/2

[Event "3. Open sub-2200 Rutas de Cuenca 2016"]
[Site "Cuenca ESP"]
[Date "2016.06.17"]
[Round "2.4"]
[White "Castilla Leon Salas, Carlos"]
[Black "Valdepenas Octavio, Javier"]
[Result "1-0"]
[WhiteElo "2162"]
[BlackElo "2028"]
[PlyCount "136"]
[EventDate "2016.06.17"]
[EventType "swiss"]
[EventRounds "7"]
[EventCountry "ESP"]
[SourceTitle "Ajedrez en Madrid"]
[Source "lmi"]
[SourceDate "2016.06.17"]

1. d4 Nf6 2. c4 c5 3. d5 b5 4. cxb5 a6 5. Nc3 axb5 6. e4 b4 7. Nb5 d6 8. Bf4
Nbd7 9. Nf3 g5 10. Nxg5 Ra6 11. Bd3 Bg7 12. O-O O-O 13. Qc2 h6 14. Nf3 Nh5 15.
Be3 Nb6 16. Nd2 Qd7 17. a4 f5 18. f3 f4 19. Bf2 Ra5 20. Ra2 Kh8 21. Rfa1 Qd8
22. Nb3 Ra6 23. Qe2 Ra8 24. a5 Nd7 25. a6 Ne5 26. Nxc5 dxc5 27. Bxc5 b3 28. Ra5
Nxd3 29. Qxd3 Bxb2 30. R1a4 Be5 31. Qxb3 Rg8 32. Ra2 Bh3 33. Qa3 e6 34. Nd4 Qg5
35. Nxe6 Qg6 36. Kf1 Bxg2+ 37. Ke1 Qf6 38. Be7 Bc3+ 39. Ke2 Qe5 40. Rc5 Bd4 41.
Nxd4 Qxd4 42. Qc3 Qxc3 43. Rxc3 Bh3 44. Kd3 Bf1+ 45. Kd4 Rxa6 46. Rxa6 Bxa6 47.
Rc6 Re8 48. Bh4 Be2 49. Rxh6+ Kg7 50. Rxh5 Bxf3 51. Rg5+ Kh7 52. e5 Be2 53. e6
f3 54. Ke5 Kh6 55. Rf5 Kg6 56. Rf6+ Kh5 57. Bg3 Ra8 58. Rf7 Kg4 59. d6 Ra5+ 60.
Kf6 Bc4 61. Rg7+ Kh3 62. d7 Rd5 63. Rg8 f2 64. Bxf2 Rd6 65. d8=Q Rxe6+ 66. Kf5
Rh6 67. Rh8 Be6+ 68. Ke5 Rh5+ 1-0

[Event "3. Open sub-2200 Rutas de Cuenca 2016"]
[Site "Cuenca ESP"]
[Date "2016.06.17"]
[Round "2.5"]
[White "Garcia Gata, Jorge D"]
[Black "Gallart Zafra, Jaume"]
[Result "1-0"]
[WhiteElo "2000"]
[BlackElo "2160"]
[PlyCount "61"]
[EventDate "2016.06.17"]
[EventType "swiss"]
[EventRounds "7"]
[EventCountry "ESP"]
[SourceTitle "Ajedrez en Madrid"]
[Source "lmi"]
[SourceDate "2016.06.17"]

1. d4 Nf6 2. c4 c5 3. d5 e6 4. Nc3 exd5 5. cxd5 d6 6. e4 g6 7. f4 Bg7 8. Nf3
O-O 9. Be2 b5 10. e5 dxe5 11. fxe5 Ng4 12. Bg5 Qa5 13. O-O Nxe5 14. Nxe5 Bxe5
15. Be7 Bd4+ 16. Kh1 Re8 17. d6 Nc6 18. Bxb5 Bd7 19. Bxc6 Bxc6 20. Qb3 Rf8 21.
Bxf8 Rxf8 22. Nd5 Kg7 23. Ne7 Be4 24. Rae1 Qa6 25. Rf4 Bd3 26. Qd5 Bc4 27. Qg5
f6 28. Nf5+ Kg8 29. Re7 Bxa2 30. Rg7+ Kh8 31. Rxh7+ 1-0

[Event "3. Open sub-2200 Rutas de Cuenca 2016"]
[Site "Cuenca ESP"]
[Date "2016.06.17"]
[Round "2.6"]
[White "Martorell Aubanell, Adria"]
[Black "Blesa Fernandez, Francisco"]
[Result "1-0"]
[WhiteElo "2160"]
[BlackElo "1991"]
[PlyCount "95"]
[EventDate "2016.06.17"]
[EventType "swiss"]
[EventRounds "7"]
[EventCountry "ESP"]
[SourceTitle "Ajedrez en Madrid"]
[Source "lmi"]
[SourceDate "2016.06.17"]

1. e4 c5 2. Nf3 e6 3. d4 cxd4 4. Nxd4 Nc6 5. c4 Nf6 6. Nc3 Bb4 7. Nc2 Be7 8.
Be2 a6 9. O-O d6 10. Be3 Qc7 11. f3 Ne5 12. Qd4 Bd7 13. Bf2 Rc8 14. Ne3 h5 15.
Qd2 g5 16. Rac1 h4 17. Rfd1 Nh5 18. h3 Nf4 19. b3 f6 20. Kh1 Kf7 21. Ng4 Be8
22. Be3 Neg6 23. Bf1 Qb8 24. a4 Bc6 25. a5 Rhd8 26. Qf2 Rh8 27. b4 f5 28. exf5
exf5 29. Nh2 Bd7 30. Ba7 Qa8 31. Bd4 Rhe8 32. Re1 Be6 33. Na4 Rc6 34. Nb6 Qd8
35. b5 axb5 36. cxb5 Rxc1 37. Rxc1 Bf6 38. a6 Bxd4 39. Qxd4 bxa6 40. bxa6 Re7
41. Nc4 Bxc4 42. Bxc4+ d5 43. Nf1 Qa8 44. Bd3 Ne5 45. Bb5 Re6 46. Rc7+ Kg6 47.
a7 Nf7 48. Qc5 1-0

[Event "3. Open sub-2200 Rutas de Cuenca 2016"]
[Site "Cuenca ESP"]
[Date "2016.06.17"]
[Round "2.7"]
[White "Diaz Rodriguez, Jose Antonio"]
[Black "Fernandez Cano, Victor"]
[Result "0-1"]
[WhiteElo "1988"]
[BlackElo "2156"]
[PlyCount "92"]
[EventDate "2016.06.17"]
[EventType "swiss"]
[EventRounds "7"]
[EventCountry "ESP"]
[SourceTitle "Ajedrez en Madrid"]
[Source "lmi"]
[SourceDate "2016.06.17"]

1. e4 c5 2. Nf3 d6 3. c3 Nf6 4. Be2 g6 5. O-O Bg7 6. d3 O-O 7. Bg5 h6 8. Bd2
Nc6 9. Na3 Rb8 10. Nc2 b5 11. Ne3 a5 12. Nd5 Nd7 13. Qc1 Kh7 14. Rb1 b4 15. Ne1
Ba6 16. f4 e6 17. Ne3 Nb6 18. f5 Na4 19. Ng4 bxc3 20. f6 cxd2 21. Qxd2 Rh8 22.
fxg7 Kxg7 23. Bd1 Nb6 24. Qc3+ e5 25. Bb3 Rb7 26. Nf6 a4 27. Bd1 Bb5 28. Nc2 h5
29. a3 Ra7 30. Ne3 Nd4 31. Rf2 Nd7 32. Nfd5 Nf8 33. g4 h4 34. Nf5+ gxf5 35.
gxf5 f6 36. Qd2 h3 37. Bg4 Kg8 38. Kh1 Rg7 39. Rg1 Bc6 40. Qe3 Bxd5 41. exd5
Nh7 42. Bxh3 Rxg1+ 43. Kxg1 Ng5 44. Rg2 Kf7 45. Bg4 Qa8 46. Bd1 Qxd5 0-1

[Event "3. Open sub-2200 Rutas de Cuenca 2016"]
[Site "Cuenca ESP"]
[Date "2016.06.17"]
[Round "2.8"]
[White "Lozano Suarez, Luis Miguel"]
[Black "Castro Santimoteo, Raul"]
[Result "1-0"]
[WhiteElo "2116"]
[BlackElo "1981"]
[PlyCount "65"]
[EventDate "2016.06.17"]
[EventType "swiss"]
[EventRounds "7"]
[EventCountry "ESP"]
[SourceTitle "Ajedrez en Madrid"]
[Source "lmi"]
[SourceDate "2016.06.17"]

1. c4 c6 2. g3 d5 3. cxd5 cxd5 4. Bg2 Nf6 5. Nf3 Bf5 6. O-O e6 7. Nc3 Be7 8.
Qb3 Qc8 9. d3 Nc6 10. Bf4 a6 11. Rac1 O-O 12. Na4 Nd7 13. Rfe1 b5 14. Nc3 Nc5
15. Qd1 Rd8 16. b4 Nd7 17. a3 Qb7 18. Nd2 Bg4 19. Nb3 Rac8 20. Rc2 Qb6 21. Qc1
Bf6 22. Nb1 Ne7 23. Bc7 Rxc7 24. Rxc7 Be5 25. Rc2 f5 26. e3 Nf6 27. Nc5 g5 28.
Nd2 Bh5 29. Nf3 Bxf3 30. Bxf3 g4 31. Bg2 h5 32. e4 fxe4 33. Qg5+ 1-0

[Event "3. Open sub-2200 Rutas de Cuenca 2016"]
[Site "Cuenca ESP"]
[Date "2016.06.17"]
[Round "2.9"]
[White "Vazquez Gonzalez, Francisco"]
[Black "Insa Alfonso, Pablo"]
[Result "0-1"]
[WhiteElo "1978"]
[BlackElo "2116"]
[PlyCount "46"]
[EventDate "2016.06.17"]
[EventType "swiss"]
[EventRounds "7"]
[EventCountry "ESP"]
[SourceTitle "Ajedrez en Madrid"]
[Source "lmi"]
[SourceDate "2016.06.17"]

1. e4 Nf6 2. e5 Nd5 3. d4 d6 4. Nf3 dxe5 5. Nxe5 g6 6. Bc4 c6 7. Nc3 Bg7 8.
Nxf7 Kxf7 9. Qf3+ Ke8 10. Nxd5 cxd5 11. Bxd5 Rf8 12. Qe4 Bf5 13. Qf3 Be6 14.
Qg3 Qxd5 15. c3 Qe4+ 16. Be3 Bh6 17. O-O Bxe3 18. fxe3 Rxf1+ 19. Rxf1 Bc4 20.
Re1 Na6 21. b3 Bd3 22. Qh3 h5 23. a3 Qg4 0-1

[Event "3. Open sub-2200 Rutas de Cuenca 2016"]
[Site "Cuenca ESP"]
[Date "2016.06.17"]
[Round "2.10"]
[White "Moreto Quintana, Alex"]
[Black "Garcia Galeote, Lorenzo"]
[Result "1-0"]
[WhiteElo "2109"]
[BlackElo "1975"]
[PlyCount "111"]
[EventDate "2016.06.17"]
[EventType "swiss"]
[EventRounds "7"]
[EventCountry "ESP"]
[SourceTitle "Ajedrez en Madrid"]
[Source "lmi"]
[SourceDate "2016.06.17"]

1. Nf3 b6 2. g3 Bb7 3. Bg2 d6 4. b3 e5 5. O-O g6 6. d4 e4 7. Nfd2 f5 8. g4 Nf6
9. gxf5 gxf5 10. e3 d5 11. f4 Ng4 12. Qe1 Be7 13. h3 Bh4 14. Qe2 h5 15. hxg4
hxg4 16. Rd1 Bg3 17. Nf1 Ba6 18. c4 Qh4 19. Bd2 dxc4 20. Nxg3 Qxg3 21. bxc4 Nc6
22. Na3 O-O-O 23. Bc3 Rh3 24. Qf2 Qh2+ 25. Kf1 Rh6 26. Ke1 Qh5 27. Kd2 Qf7 28.
Qe2 Ne7 29. Rh1 Rc6 30. Bf1 Nd5 31. Rc1 Nf6 32. Ke1 Rcd6 33. Nb5 R6d7 34. Qb2
c6 35. Na3 Ne8 36. Qb3 Qg6 37. Rc2 Rh7 38. Rch2 Rdd7 39. Rxh7 Rxh7 40. Rxh7
Qxh7 41. Qc2 Nd6 42. Qf2 Qf7 43. c5 Bxf1 44. Kxf1 bxc5 45. dxc5 Nb5 46. Nxb5
cxb5 47. Bd4 Qh5 48. Kg1 Qf7 49. Qh4 Qxa2 50. Qh8+ Kb7 51. Qh7+ Ka6 52. Qxf5
Qe2 53. Qxe4 Qe1+ 54. Kg2 Qh4 55. Qe6+ Kb7 56. c6+ 1-0

[Event "3. Open sub-2200 Rutas de Cuenca 2016"]
[Site "Cuenca ESP"]
[Date "2016.06.18"]
[Round "3.1"]
[White "Insa Alfonso, Pablo"]
[Black "Jordan Martinez, David"]
[Result "1-0"]
[WhiteElo "2116"]
[BlackElo "2195"]
[PlyCount "69"]
[EventDate "2016.06.17"]
[EventType "swiss"]
[EventRounds "7"]
[EventCountry "ESP"]
[SourceTitle "Ajedrez en Madrid"]
[Source "lmi"]
[SourceDate "2016.06.17"]

1. e4 e6 2. d4 d5 3. Nc3 Nf6 4. e5 Nfd7 5. Nce2 c5 6. c3 Nc6 7. f4 b5 8. Nf3 b4
9. f5 Nb6 10. Nf4 c4 11. fxe6 Bxe6 12. Nxe6 fxe6 13. Ng5 Qe7 14. Be2 Nd8 15.
O-O g6 16. cxb4 h6 17. Nh3 g5 18. a4 Qxb4 19. a5 Nc8 20. Bd2 Qb5 21. b3 Ne7 22.
bxc4 dxc4 23. Rb1 Qa6 24. Bh5+ Kd7 25. Bf3 Ndc6 26. Nf2 Rb8 27. Bxc6+ Nxc6 28.
Ne4 Rxb1 29. Qxb1 Be7 30. Rf7 Ke8 31. Nd6+ Bxd6 32. Qg6 Ne7 33. Qxe6 Qb5 34.
exd6 Qb1+ 35. Be1 1-0